Übrigens... : Alltagsgespräche im Beruf /

Salvato in:
Dettagli Bibliografici
Autore principale: Fischer, Dietrich (Autore)
Natura: Libro
Lingua:tedesco
Pubblicazione: München : Verlag für Deutsch, 1980
Soggetti:
Tags: Aggiungi Tag
Nessun Tag, puoi essere il primo ad aggiungerne!!

MARC

LEADER 00000nam a22000003a 4500
001 stu45845
005 20150617225716.1
008 970430s1980----gw------------------ger-d
020 |a 3-88532-603-5 
040 |a STU  |b slo 
041 0 |a ger 
044 |a gw 
080 |a 803.0(075) 
100 1 |a Fischer, Dietrich  |4 aut 
245 1 |a Übrigens... :  |b Alltagsgespräche im Beruf /  |c [aut.]Dietrich Fischer 
260 |a München :  |b Verlag für Deutsch,  |c 1980 
300 |a 70 s 
650 7 |a nemčina  |2 stusub 
996 |b 284M025265  |c M*9526-1  |l MMKN  |s A  |a 24  |w stu45845_0001